000 00533nam a22001817a 4500
003 CEME
005 20210628202643.0
008 210210b xxu||||| |||| 00| 0 eng d
020 _a8107808-090-7
040 _c.
082 _a004.67 SNA
100 _aSnader, Jon.C
_960928
245 _a Effective tcp-ip programming 44 tips to improve your network programs
260 _aINDIA
_bPEARSON EDUCATION ASIA
_c2000
300 _aXV,300P
650 _aINTERNET PROGRAMMING; TCP-IP:COMPUTER NETWORK PROTOCO
_960929
942 _cBK
_2ddc
999 _c570527
_d570527